[Event "Medellin Aristizabal Cup"]
[Site "Medellin"]
[Date "2019.06.24"]
[Round "6"]
[White "Perez Arenas, Armando"]
[Black "Morales Ocampo, Yeni"]
[Result "0-1"]
[WhiteElo "2063"]
[BlackElo "1417"]
[PlyCount "48"]
[EventDate "2019.06.21"]
[EventType "swiss"]
[EventRounds "7"]
[EventCountry "COL"]
[SourceTitle "EXT 2020"]
[Source "ChessBase"]
[SourceDate "2019.10.17"]
[SourceVersion "1"]
[SourceVersionDate "2019.10.17"]
[SourceQuality "1"]

1. d4 d5 2. Bf4 Nc6 3. e3 Bf5 4. c3 e6 5. Nf3 Bd6 6. Bg3 Nf6 7. Bd3 Ne4 8. 0-0 Bxg3 9. hxg3 Bg4 10. Qb3 Rb8 11. Nbd2 Bxf3 12. Nxf3 0-0 13. Bxe4 dxe4 14. Nd2 Qf6 15. Qc2 Qg6 16. Qxe4 f5 17. Qc2 Rf6 18. Nf3 Qh5 19. Rfe1 Rh6 20. Kf1 Qh1+ 21. Ke2 Qxg2 22. Rg1 Qh3 23. Rh1 Qg4 24. Rxh6 gxh6 0-1

[Event "Medellin Flores op 22nd"]
[Site "Medellin"]
[Date "2015.08.09"]
[Round "9"]
[White "Ardila, Oscar Humberto"]
[Black "Perez Arenas, Armando"]
[Result "0-1"]
[WhiteElo "2102"]
[BlackElo "2048"]
[PlyCount "52"]
[EventDate "2015.08.05"]
[EventType "swiss"]
[EventRounds "9"]
[EventCountry "COL"]
[SourceTitle "EXT 2016"]
[Source "ChessBase"]
[SourceDate "2015.10.08"]
[SourceVersion "1"]
[SourceVersionDate "2015.10.08"]
[SourceQuality "1"]

1. e4 d5 2. e5 c5 3. Nf3 Nc6 4. Bb5 Bg4 5. 0-0 e6 6. Re1 Nge7 7. c3 a6 8. Bxc6+ Nxc6 9. d3 Qc7 10. Bf4 Be7 11. Nbd2 0-0 12. Qe2 Kh8 13. h3 Bh5 14. g4 Bg6 15. Bg3 b5 16. Nf1 b4 17. h4 h6 18. h5 Bh7 19. Qd2 Qd8 20. Bf4 bxc3 21. bxc3 d4 22. c4 Nb4 23. g5 Nxd3 24. gxh6 Nxe1 25. Rxe1 Rg8 26. hxg7+ Rxg7+ 0-1

[Event "Antioquia op"]
[Site "Medellin"]
[Date "2014.04.05"]
[Round "4"]
[White "Perez Arenas, Armando"]
[Black "Rios Parra, Juan Fernando"]
[Result "1/2-1/2"]
[WhiteElo "1963"]
[BlackElo "2096"]
[PlyCount "53"]
[EventDate "2014.04.03"]
[EventType "swiss"]
[EventRounds "7"]
[EventCountry "COL"]
[SourceTitle "CBM 159 Extra"]
[Source "ChessBase"]
[SourceDate "2014.04.24"]
[SourceVersion "1"]
[SourceVersionDate "2014.04.24"]
[SourceQuality "1"]

1. d4 d5 2. Nf3 Nf6 3. Bf4 e6 4. e3 c5 5. c3 Nc6 6. Qb3 Be7 7. h3 0-0 8. Be2 a6 9. 0-0 c4 10. Qc2 b5 11. Nbd2 Bb7 12. Ne5 Nxe5 13. dxe5 Nd7 14. Rad1 Qb6 15. e4 Rfd8 16. exd5 Bxd5 17. Ne4 Nc5 18. Bf3 Qc6 19. Nxc5 Bxf3 20. gxf3 Bxc5 21. Kg2 h6 22. Rxd8+ Rxd8 23. Rd1 Rxd1 24. Qxd1 Qd5 25. Qxd5 exd5 26. Be3 Be7 27. f4 1/2-1/2

[Event "Antioquia op"]
[Site "Medellin"]
[Date "2014.04.05"]
[Round "3"]
[White "Uribe Sanchez, Alejandro"]
[Black "Perez Arenas, Armando"]
[Result "0-1"]
[WhiteElo "1992"]
[BlackElo "1963"]
[PlyCount "27"]
[EventDate "2014.04.03"]
[EventType "swiss"]
[EventRounds "7"]
[EventCountry "COL"]
[SourceTitle "CBM 159 Extra"]
[Source "ChessBase"]
[SourceDate "2014.04.24"]
[SourceVersion "1"]
[SourceVersionDate "2014.04.24"]
[SourceQuality "1"]

1. d4 d5 2. c4 c6 3. Nc3 e6 4. e3 f5 5. Nf3 Nf6 6. g3 g6 7. Bg2 Bg7 8. 0-0 0-0 9. b4 dxc4 10. Ne5 Nd5 11. Nxd5 cxd5 12. Bd2 Nd7 13. f4 Nxe5 14. fxe5 0-1

[Event "Medellin de Segunda Cat. Antioquia"]
[Site "Medellin"]
[Date "2014.03.25"]
[Round "4.1"]
[White "Perez, Laura"]
[Black "Perez Arenas, Armando"]
[Result "1/2-1/2"]
[WhiteElo "1990"]
[BlackElo "1924"]
[PlyCount "52"]
[EventDate "2014.03.19"]
[EventType "swiss"]
[EventRounds "7"]
[EventCountry "COL"]
[SourceTitle "EXT 2024"]
[Source "ChessBase"]
[SourceDate "2023.10.10"]
[SourceVersion "1"]
[SourceVersionDate "2023.10.10"]
[SourceQuality "1"]

1. d4 d5 2. Nf3 Nf6 3. Bf4 Bf5 4. e3 e6 5. c4 c6 6. Qb3 Qb6 7. c5 Qxb3 8. axb3 Nbd7 9. h3 Be7 10. b4 a6 11. Nc3 0-0 12. Nd2 Ne4 13. Ncxe4 Bxe4 14. Nb3 f6 15. Kd2 e5 16. Bh2 g5 17. Na5 Ra7 18. f3 Bg6 19. Be2 Rfa8 20. Rhc1 Bd8 21. Rc3 Bc7 22. Rca3 Nf8 23. Nb3 Be8 24. e4 Bf7 25. Ke1 Rc8 26. Rd1 Raa8 1/2-1/2

[Event "Medellin de Segunda Cat. Antioquia"]
[Site "Medellin"]
[Date "2014.03.21"]
[Round "3.3"]
[White "Perez Arenas, Armando"]
[Black "Salcedo Perez, Pablo Esteban"]
[Result "1-0"]
[WhiteElo "1924"]
[BlackElo "1954"]
[PlyCount "67"]
[EventDate "2014.03.19"]
[EventType "swiss"]
[EventRounds "7"]
[EventCountry "COL"]
[SourceTitle "EXT 2024"]
[Source "ChessBase"]
[SourceDate "2023.10.10"]
[SourceVersion "1"]
[SourceVersionDate "2023.10.10"]
[SourceQuality "1"]

1. d4 d5 2. e3 Bf5 3. Bd3 Bxd3 4. Qxd3 Nf6 5. Nc3 c6 6. f4 e6 7. a3 Nbd7 8. Nf3 c5 9. 0-0 c4 10. Qe2 a6 11. e4 dxe4 12. Nxe4 Rc8 13. c3 Be7 14. f5 Rc6 15. fxe6 Rxe6 16. Nxf6+ Bxf6 17. Qxc4 0-0 18. Bd2 Nb6 19. Qd3 Na4 20. Qc2 Nb6 21. Rae1 Rc6 22. Qf5 Nc4 23. Bc1 g6 24. Qg4 Qb6 25. Rf2 h5 26. Qh3 Nxa3 27. bxa3 Rxc3 28. Qd7 Rd8 29. Qa4 Rd3 30. Bb2 Kg7 31. Ref1 Rb3 32. Ba1 Rd5 33. Nd2 Bxd4 34. Qxb3 1-0